| 000 | 00881nam a22002777a 4500 | ||
|---|---|---|---|
| 003 | OSt | ||
| 005 | 20230421110141.0 | ||
| 008 | 221006b |||||||| |||| 00| 0 eng d | ||
| 040 | _cBiblioteca Lado V | ||
| 082 |
_a700 _bZ39a |
||
| 100 |
_9802 _aZaya, Antonio _eeditor |
||
| 245 | _aARCO 97 LATINO/ | ||
| 260 |
_bArtes Gráficas Danubio _c1996 _aEspaña |
||
| 300 |
_c20x20cm _a39p. |
||
| 490 |
_a2 _v1996 |
||
| 505 | _aEditorial | ||
| 505 | _aDisposicion | ||
| 505 | _aDesde Francia | ||
| 505 | _aLatinoamerica/Nueva York | ||
| 505 | _aArte Latinoamericano en España | ||
| 650 |
_2Tesauro de Arte & Arquitectura _aARTE _9703 |
||
| 650 |
_2Tesauro de Arte & Arquitectura _aEXPOSICIONES |
||
| 650 |
_2Tesauro de Arte & Arquitectura _aLATINOAMERICANO |
||
| 650 |
_2Tesauro de Arte & Arquitectura _aARTE CONTEMPORANEO |
||
| 942 |
_2ddc _c1 _h700 _iZ39a _n0 |
||
| 999 |
_c3422 _d3422 |
||